Reglamento general de beneficencia pública decretado por las Cortes Extraordinarias en 27 de Diciembre de 1821, y sancionado por S.M.
Descripción Física:
31 p. ; 21 cm
MARC
| LEADER | 00000nam a2200000Ia 4500 | ||
|---|---|---|---|
| 001 | 16667 | ||
| 008 | 160829s1822 xx 000 0 cat d | ||
| 080 | |a RF-15-10 | ||
| 245 | |a Reglamento general de beneficencia pública decretado por las Cortes Extraordinarias en 27 de Diciembre de 1821, y sancionado por S.M. | ||
| 260 | |a Barcelona : |b Impr. del Gobierno Político Superior, |c 1822 | ||
| 300 | |a 31 p. ; |c 21 cm | ||
| 590 | |a Prové de la caixeta 1822 de Casa de Caritat, núm. 5. | ||
| 590 | |a Hi ha un exemplar als microfilms dels documents de la Diputació de Girona | ||
| 650 | |a Beneficència |x Dret i legislació |x Espanya |9 39303 | ||
| 650 | |a Beneficència |x Dret |x Espanya |x S. XIX |9 39304 | ||
| 710 | 1 | |a Espanya. |b Ministerio de la Gobernación |9 55088 | |
| 856 | 4 | |u https://media.diba.cat/diba/fitxers/arxiu/fulletons/bib_16667_1822_baixa.pdf |y Accés lliure | |
| 856 | 4 | |u https://media.diba.cat/diba/fitxers/arxiu/fulletons/bib_16667_1822_baixa.pdf |y Accés lliure | |
| 901 | |a Arxiu | ||
| 942 | |n 1 |2 udc | ||
| 952 | |0 0 |1 0 |4 0 |6 RF1510 |7 1 |9 48928 |a Arxiu |b Arxiu |d 2016-12-01 |l 0 |o RF-15-10 |p 16667 |r 2016-12-01 00:00:00 |w 2016-12-01 |y ARXIU | ||
| 999 | |c 52763 |d 52763 | ||
| 900 | |a bib_16667_1822_baixa.pdf | ||